[Event "56th Rubinstein Memorial C 2020"]
[Site "Polanica Zdroj"]
[Date "2020.08.15"]
[Round "1.12"]
[White "Lewandowski, Wiktor"]
[Black "Szopa, Emilia"]
[Result "0-1"]
[WhiteElo "1855"]
[BlackElo "1628"]
[Annotator "NA"]
[PlyCount "98"]
[EventDate "2020.08.15"]
[EventType "swiss"]
[EventCountry "POL"]
[SourceTitle "playchess.com"]
[Source "ChessBase"]
[SourceQuality "1"]
[TimeControl "40/5400+30:1800+30"]

1. e4 c5 2. Nf3 Nc6 3. Nc3 e5 4. g3 Nf6 5. Bg2 Be7 6. O-O O-O 7. d3 d6 8. Nd2 Nd4 9. Nc4 a6 10. Ne3 Re8 11. f4 exf4 12. gxf4 Nd7 13. Ncd5 Nb6 14. c3 Nxd5 15. Nxd5 Nc6 16. f5 Bf6 17. Bf4 Kh8 18. Kh1 Ra7 19. Rg1 Be5 20. Bxe5 Nxe5 21. d4 Nd7 22. Qd3 Nf6 23. dxc5 dxc5 24. Rae1 b5 25. c4 bxc4 26. Qxc4 Ng4 27. Rgf1 Qh4 28. h3 Nf2+ 29. Kh2 Bxf5 30. Rxf2 Qxf2 31. Rf1 Qxb2 32. Rxf5 Qb8+ 33. Kg1 Qg3 34. Qxc5 Rb7 35. Qc3 Rb1+ 36. Rf1 Rxf1+ 37. Kxf1 Qxc3 38. Nxc3 Rc8 39. Nd5 Rc1+ 40. Ke2 Rc2+ 41. Kf3 Rxa2 42. Bf1 a5 43. Bc4 Ra3+ 44. Kg4 Kg8 45. Nf4 Kf8 46. Bd5 g6 47. h4 h5+ 48. Kg5 Kg7 49. Ne2 Rf3 0-1

[Event "56th Rubinstein Memorial C 2020"]
[Site "Polanica Zdroj"]
[Date "2020.08.15"]
[Round "1.13"]
[White "Krzyzosiak, Anna"]
[Black "Rudecki, Bartosz"]
[Result "0-1"]
[WhiteElo "1621"]
[BlackElo "1831"]
[Annotator "NA"]
[PlyCount "154"]
[EventDate "2020.08.15"]
[EventType "swiss"]
[EventCountry "POL"]
[SourceTitle "playchess.com"]
[Source "ChessBase"]
[SourceQuality "1"]
[TimeControl "40/5400+30:1800+30"]

1. e4 {[%emt 0:00:00]} e5 {[%emt 0:00:00]} 2. Nf3 {[%emt 0:00:00]} Nc6 {[%emt 0:00:00]} 3. Bc4 {[%emt 0:00:00]} Nf6 {[%emt 0:00:00]} 4. d3 {[%emt 0:00:01]} Be7 {[%emt 0:00:41]} 5. O-O {[%emt 0:00:36]} d6 {[%emt 0:00:13]} 6. c3 {[%emt 0:01:17]} O-O {[%emt 0:00:05]} 7. Nbd2 {[%emt 0:06:49]} Na5 {[%emt 0:01:03]} 8. Bb5 {[%emt 0:04:03]} a6 {[%emt 0:00:47]} 9. Ba4 {[%emt 0:00:10]} b5 {[%emt 0:00:07]} 10. Bc2 {[%emt 0:00:11]} c5 {[%emt 0:00:05]} 11. Re1 {[%emt 0:03:25]} Nc6 {[%emt 0:01:16]} 12. Nf1 {[%emt 0:04:22]} h6 {[%emt 0:00:57]} 13. Ne3 {[%emt 0:08:35]} Re8 {[%emt 0:03:40]} 14. d4 {[%emt 0:07:08]} Bf8 {[%emt 0:01:55]} 15. dxc5 {[%emt 0:05:58]} dxc5 {[%emt 0:00:04]} 16. Nd5 {[%emt 0:00:46]} Be6 {[%emt 0:00:26]} 17. Nxf6+ {[%emt 0:04:44]} Qxf6 {[%emt 0:00:06]} 18. h3 {[%emt 0:02:09]} Rad8 {[%emt 0:00:53]} 19. Qe2 {[%emt 0:04:43]} Ne7 {[%emt 0:02:08]} 20. Rd1 {[%emt 0:03:42]} Ng6 {[%emt 0:00:42]} 21. a4 {[%emt 0:06:51]} Rxd1+ {[%emt 0:02:57]} 22. Qxd1 {[%emt 0:02:55]} Rd8 {[%emt 0:00:31]} 23. Qe1 {[%emt 0:02:02]} Bxh3 {[%emt 0:01:25]} 24. gxh3 {[%emt 0:03:17]} Qxf3 {[%emt 0:00:09]} 25. Qe3 {[%emt 0:00:47]} Qf6 {[%emt 0:00:39]} 26. axb5 axb5 {[%emt 0:00:59]} 27. Qe2 {[%emt 0:06:40]} Nf4 {[%emt 0:00:57]} 28. Bxf4 {[%emt 0:02:13]} Qxf4 {[%emt 0:01:20]} 29. Rd1 {[%emt 0:01:29]} Rxd1+ {[%emt 0:00:05]} 30. Qxd1 {[%emt 0:00:20]} c4 {[%emt 0:00:12]} 31. Kg2 {[%emt 0:01:39]} Qg5+ {[%emt 0:00:22]} 32. Kf1 {[%emt 0:02:21]} Bc5 {[%emt 0:01:21]} 33. Qe2 {[%emt 0:02:34]} Qf4 {[%emt 0:00:53]} 34. Bd1 {[%emt 0:02:57]} g6 {[%emt 0:05:44]} 35. Qf3 {[%emt 0:02:44]} Qc1 {[%emt 0:05:46]} 36. Qe2 {[%emt 0:00:25]} f5 {[%emt 0:00:46]} 37. exf5 {[%emt 0:01:37]} gxf5 {[%emt 0:00:04]} 38. Qc2 {[%emt 0:02:34]} Qf4 {[%emt 0:00:51]} 39. Qe2 {[%emt 0:01:27]} e4 {[%emt 0:00:13]} 40. Kg2 {[%emt 0:00:00]} Qg5+ {[%emt 0:00:00]} 41. Kf1 {[%emt 0:02:55]} Kg7 {[%emt 0:01:42]} 42. b3 {[%emt 0:03:53]} Qh4 {[%emt 0:02:24]} 43. Kg2 {[%emt 0:01:23]} Kf6 {[%emt 0:01:19]} 44. bxc4 {[%emt 0:01:32]} f4 {[%emt 0:00:27]} 45. Qd2 {[%emt 0:02:35]} Ke7 {[%emt 0:01:15]} 46. cxb5 {[%emt 0:02:09]} f3+ {[%emt 0:00:51]} 47. Bxf3 {[%emt 0:01:38]} exf3+ {[%emt 0:00:04]} 48. Kxf3 {[%emt 0:00:12]} Qxh3+ {[%emt 0:00:35]} 49. Ke2 {[%emt 0:01:39]} Qg4+ {[%emt 0:00:44]} 50. Kf1 {[%emt 0:07:44]} h5 {[%emt 0:03:52]} 51. Qe2+ {[%emt 0:03:03]} Kf6 {[%emt 0:00:03]} 52. Qxg4 {[%emt 0:00:16]} hxg4 {[%emt 0:00:05]} 53. Kg2 {[%emt 0:00:08]} Bd6 {[%emt 0:00:15]} 54. c4 {[%emt 0:03:31]} Ke6 {[%emt 0:00:32]} 55. c5 {[%emt 0:02:03]} Be5 {[%emt 0:00:34]} 56. c6 {[%emt 0:02:04]} Kd6 {[%emt 0:00:35]} 57. Kf1 {[%emt 0:01:29]} Kc7 {[%emt 0:00:35]} 58. Ke2 {[%emt 0:01:01]} Bd4 {[%emt 0:01:14]} 59. Kf1 {[%emt 0:05:56]} Kb6 {[%emt 0:00:36]} 60. Ke2 {[%emt 0:00:11]} Bc5 {[%emt 0:00:17]} 61. Kf1 {[%emt 0:00:42]} Bd6 {[%emt 0:00:12]} 62. Ke2 {[%emt 0:00:19]} Bc5 {[%emt 0:02:16]} 63. Kf1 {[%emt 0:00:18]} Kc7 {[%emt 0:01:01]} 64. Kg2 {[%emt 0:00:29]} Bd6 {[%emt 0:00:06]} 65. Kf1 {[%emt 0:00:07]} Be5 {[%emt 0:00:26]} 66. Ke2 {[%emt 0:00:13]} Bd4 {[%emt 0:00:10]} 67. Kf1 {[%emt 0:00:41]} Kd6 {[%emt 0:00:34]} 68. Kg2 {[%emt 0:01:00]} Be5 {[%emt 0:00:04]} 69. Kf1 {[%emt 0:00:09]} Kd5 {[%emt 0:00:25]} 70. Ke2 {[%emt 0:00:09]} Bc7 {[%emt 0:00:13]} 71. Ke3 {[%emt 0:01:38]} Ke5 {[%emt 0:00:43]} 72. f3 {[%emt 0:00:45]} Bb6+ {[%emt 0:00:04]} 73. Ke2 {[%emt 0:00:17]} g3 {[%emt 0:00:04]} 74. Kf1 {[%emt 0:00:15]} Kf4 {[%emt 0:00:11]} 75. Kg2 {[%emt 0:00:07]} Bc7 {[%emt 0:00:02]} 76. Kf1 {[%emt 0:00:28]} Kxf3 {[%emt 0:00:05]} 77. Kg1 {[%emt 0:00:05]} g2 {[%emt 0:00:16]} 0-1

[Event "56th Rubinstein Memorial C 2020"]
[Site "Polanica Zdroj"]
[Date "2020.08.15"]
[Round "1.14"]
[White "Podgorski, Maciej"]
[Black "Lada, Damian"]
[Result "1-0"]
[WhiteElo "1810"]
[BlackElo "1619"]
[Annotator "NA"]
[PlyCount "75"]
[EventDate "2020.08.15"]
[EventType "swiss"]
[EventCountry "POL"]
[SourceTitle "playchess.com"]
[Source "ChessBase"]
[SourceQuality "1"]
[TimeControl "40/5400+30:1800+30"]

1. e4 e6 2. d4 d5 3. Nc3 dxe4 4. Nxe4 Nd7 5. Nf3 Ngf6 6. Bd3 Be7 7. Bg5 h6 8. Bf4 Nxe4 9. Bxe4 Nf6 10. Qe2 Nxe4 11. Qxe4 Bd6 12. O-O-O Bxf4+ 13. Qxf4 O-O 14. Rhe1 b6 15. Re3 Bb7 16. Ne5 Qg5 17. Qxg5 hxg5 18. f3 Rfd8 19. c3 Rac8 20. Red3 Rd6 21. b4 Ba6 22. R3d2 f6 23. Ng4 Bb5 24. Nf2 Rcd8 25. Kb2 c5 26. Ne4 Rd5 27. dxc5 Rxd2+ 28. Rxd2 Rxd2+ 29. Nxd2 bxc5 30. c4 Bd7 31. b5 e5 32. Ne4 Be6 33. Kc3 g4 34. fxg4 Bxg4 35. Nxc5 Kf7 36. a4 Ke7 37. a5 Bc8 38. b6 1-0

[Event "56th Rubinstein Memorial C 2020"]
[Site "Polanica Zdroj"]
[Date "2020.08.15"]
[Round "1.15"]
[White "Demski, Michal"]
[Black "Mocny, Tomasz"]
[Result "1-0"]
[WhiteElo "1617"]
[BlackElo "1802"]
[Annotator "NA"]
[PlyCount "95"]
[EventDate "2020.08.15"]
[EventType "swiss"]
[EventCountry "POL"]
[SourceTitle "playchess.com"]
[Source "ChessBase"]
[SourceQuality "1"]
[TimeControl "40/5400+30:1800+30"]

1. e4 Nf6 2. e5 Nd5 3. d4 d6 4. c4 Nb6 5. exd6 exd6 6. Bd3 Nc6 7. Be3 Qf6 8. Ne2 Bf5 9. O-O Be7 10. Nbc3 O-O 11. a3 Na5 12. c5 dxc5 13. dxc5 Rad8 14. Bd4 Rxd4 15. Nxd4 Bxd3 16. Qxd3 Rd8 17. cxb6 axb6 18. Qg3 Rxd4 19. Qxc7 h6 20. Rad1 Bd6 21. Qc8+ Kh7 22. Rxd4 Qxd4 23. Qf5+ Kg8 24. Nb5 Qd2 25. Nxd6 Qxd6 26. b4 Nc6 27. Qc8+ Nd8 28. h3 Kh7 29. Qf5+ g6 30. Qf3 Qc7 31. Rd1 Ne6 32. Qd5 Kg7 33. Re1 Kg8 34. Qd2 h5 35. Rc1 Qe5 36. Qe3 Qd6 37. Rc8+ Kh7 38. Qf3 Qd7 39. Rb8 Nd8 40. Qf6 Qe6 41. Qxe6 Nxe6 42. Rxb7 Kg7 43. Rxb6 Nf4 44. a4 g5 45. a5 f6 46. a6 Nd5 47. Rb7+ Kg6 48. a7 1-0

[Event "56th Rubinstein Memorial C 2020"]
[Site "Polanica Zdroj"]
[Date "2020.08.16"]
[Round "2.1"]
[White "Walkusz, Witoslaw"]
[Black "Grot, Blazej"]
[Result "1/2-1/2"]
[WhiteElo "2092"]
[BlackElo "1768"]
[Annotator "TA"]
[PlyCount "90"]
[EventDate "2020.08.15"]
[EventType "swiss"]
[EventCountry "POL"]
[SourceTitle "playchess.com"]
[Source "ChessBase"]
[SourceQuality "1"]

{[%evp 9,90,-14,23,-25,0,-14,0,0,0,0,0,0,25,24,37,33,54,49,58,7,43,43,45,-23,-17,-35,-27,-11,7,0,8,0,60,42,69,51,89,0,0,0,75,75,74,70,58,61,240,243,611,49,48,-100,-92,-100,-100,-96,-97,-89,-85,-96,-100,-99,-91,-90,-92,-93,-97,-187,-173,-181,-156,-161,-168,-223,-208,-233,-229,-299,-272,-537,-264,-260,0]} 1. e4 c5 2. Nf3 e6 3. b3 a6 4. Bb2 Nc6 5. Nc3 Be7 6. g3 {B40: Sicilian: 2...e6, Unusual lines.} d6 7. Bg2 Nf6 8. O-O {The position is equal.} O-O 9. Re1 e5 10. d3 {[#]} Be6 $146 ({Predecessor:} 10... b5 11. Ne2 a5 12. Nd2 a4 13. bxa4 bxa4 14. c3 Qc7 15. Rc1 Be6 16. d4 Rfb8 {0-1 (51) Ridolfo,E (2047)-Sgnaolin,D (2267) Lignano Sabbiadoro 2018}) 11. Nd2 Qd7 12. Nc4 {Threatens to win with Nb6.} Bd8 13. Nd5 {Ndb6 is the strong threat.} Rb8 14. Nce3 (14. f4 $14) 14... Bxd5 15. exd5 Ne7 16. f4 (16. Qd2 $14) 16... exf4 $11 17. gxf4 Ng6 $1 18. f5 Nh4 19. Rf1 (19. Bh3 {is interesting.} Ng6 20. Kh1 b5 21. Ng2 Ne5 22. Nf4) 19... Nxg2 20. Kxg2 Re8 (20... Ne8 $11) 21. Qf3 $14 Qe7 22. Rae1 $36 {[%mdl 2048] And now Bxf6 would win. White has the initiative.} Ba5 23. c3 ({White should play} 23. b4 $16 Bxb4 24. c3) 23... Nd7 $11 24. Qg3 Qf6 (24... Qe5 $11) 25. Ng4 $1 $16 {[%cal Rg4f6]} Qg5 26. Bc1 Qh5 27. Bd2 Bc7 $2 {[#]} (27... Kh8 $14) 28. Bh6 $1 $18 {[%mdl 512] Intending Nf6+! and mate.} Kh8 $2 {[#]} (28... g6 29. Bd2 Kg7) (28... gxh6 29. Nf6+) 29. Bxg7+ $2 (29. Nf6 $1 $18 {[%csl Gg3][%cal Rh6g7][%mdl 512]} Re2+ (29... Nxf6 30. Qxg7#) 30. Rxe2 Qxe2+ 31. Rf2 gxh6 32. Rxe2 Nxf6 33. Qh4 $1 {[%mdl 512]} Rg8+ 34. Kh1 $1 {[%mdl 512]}) 29... Kxg7 $14 30. Nf6+ (30. Ne5+ $14 {keeps the upper hand.} Kh8 31. Nxd7) 30... Kxf6 $17 {[#]} 31. Re6+ $1 {[%mdl 512]} Rxe6 ({Weaker is} 31... fxe6 32. fxe6+ Qf5 33. Qh4+ (33. Rxf5+ Kxf5 34. Qh3+ Kg5 $11) 33... Kg6 34. Rxf5 $14) 32. fxe6+ Ke7 33. Rxf7+ {[#]} Qxf7 $1 34. exf7 Kxf7 {aiming for ...Rg8.} 35. Qh3 Rg8+ 36. Kf1 {[#]} Nf6 $1 37. Qe6+ Kg6 38. c4 (38. Qe7 $17 {keeps fighting.} Rg7 39. Qe6) 38... Re8 $19 39. Qh3 h5 40. Qg2+ Kf7 41. Qf3 (41. Qd2 $142) 41... Ba5 42. Qf4 Re5 43. h3 Bc3 44. Kf2 $2 (44. a3) 44... Bd4+ (44... Kg6 $142 {Strongly threatening ...Rf5.} 45. Qg3+ {[#]} Ng4+ $1 {[%mdl 512]} 46. Kf1 Rf5+ 47. Ke2 Rf2+ 48. Kd1 Be5) 45. Kf1 Bc3 $2 {Black used his chance. Accuracy: White = 55%, Black = 59%.} (45... Ke7 $19 46. b4 b6 47. bxc5 bxc5) 1/2-1/2

[Event "56th Rubinstein Memorial C 2020"]
[Site "Polanica Zdroj"]
[Date "2020.08.16"]
[Round "2.2"]
[White "Kejna, Piotr"]
[Black "Adamczewski, Maciej"]
[Result "0-1"]
[WhiteElo "1767"]
[BlackElo "2045"]
[Annotator "TA"]
[PlyCount "70"]
[EventDate "2020.08.15"]
[EventType "swiss"]
[EventCountry "POL"]
[SourceTitle "playchess.com"]
[Source "ChessBase"]
[SourceQuality "1"]

{[%evp 13,70,10,15,8,14,5,3,-15,-2,-16,-16,-5,-8,-52,-10,-10,-8,-8,-7,0,34,29,40,29,74,68,77,68,148,16,20,10,16,0,0,0,0,-122,-51,-52,-24,-18,-16,-7,-1,-64,-50,-50,0,-495,-483,-583,-566,-2240,-2012,-5502,-2147,-2633,-2021]} 1. e4 e6 2. d4 d5 3. Nc3 Nf6 4. Bg5 dxe4 5. Nxe4 Be7 6. Bxf6 gxf6 7. Nf3 a6 8. c3 {C13: French: Classical System: 4 Bg5 Be7, Alekhine-Chatard Attack.} f5 9. Ned2 c5 {[#]} 10. Nc4 $146 {The position is equal.} ({Predecessor:} 10. dxc5 Bxc5 11. Nb3 Qxd1+ 12. Rxd1 Be7 13. Ne5 Nd7 14. Nc4 b6 15. Be2 Ra7 16. Bf3 {½-½ (42) Kojovic,D (2384)-Cabarkapa,N (2451) Valjevo 2018}) 10... Nc6 11. Nce5 cxd4 12. Nxc6 bxc6 13. Nxd4 Bd7 14. Bc4 c5 15. Nf3 Qc7 16. Qe2 Qb7 17. Ne5 Bb5 18. O-O Rg8 {[%csl Gg8][%cal Rb7g2]} 19. g3 Bxc4 20. Nxc4 O-O-O ({Better is} 20... Kf8 $14) 21. b4 (21. Qh5 $16) 21... Qe4 $1 $11 {[%cal Re4e2]} 22. Ne3 Rd3 {...f4 is the strong threat.} 23. Rfd1 Rgd8 24. Rxd3 Rxd3 25. Qb2 (25. Re1 $11 {remains equal.}) 25... Bg5 ({Don't play} 25... cxb4 $6 26. cxb4 Kb7 27. Rf1 $15) ({Black should try} 25... Bf6 $17 26. Rf1 c4) 26. Nf1 $1 $15 c4 (26... Bf6 $5 {[%cal Rf6c3]} 27. Rc1 {[#]} Qxb4 $1 {[%mdl 512]} 28. cxb4 Bxb2 29. Rxc5+ Kd7 $15) 27. b5 $1 {[%cal Rb5a6]} Qb7 $36 {[%mdl 2048] Black has the initiative.} 28. a4 {White wants to play Qb4.} a5 29. b6 (29. Qe2 $11) 29... Qd7 30. Rb1 {Threatens to win with b7+.} Kb7 31. f4 $2 {[%mdl 8192]} (31. Qe2 $1 $11) 31... Bf6 $19 {Black is clearly winning.} 32. Qa2 Rxc3 33. Rb2 Qd5 34. h4 {[#]} Rc1 $1 35. Rd2 Bd4+ {Accuracy: White = 59%, Black = 67%.} 0-1

[Event "56th Rubinstein Memorial C 2020"]
[Site "Polanica Zdroj"]
[Date "2020.08.16"]
[Round "2.3"]
[White "Budnik, Mateusz"]
[Black "Maslo, Slawomir"]
[Result "1-0"]
[WhiteElo "2033"]
[BlackElo "1740"]
[Annotator "ChessBase"]
[PlyCount "69"]
[EventDate "2020.08.15"]
[EventType "swiss"]
[EventCountry "POL"]
[SourceTitle "playchess.com"]
[Source "ChessBase"]
[SourceQuality "1"]
[TimeControl "40/5400+30:1800+30"]

1. e4 {[%emt 0:00:00]} c5 {[%emt 0:00:00]} 2. Nf3 {[%emt 0:00:00]} d6 {[%emt 0:00:00]} 3. d4 {[%emt 0:00:00]} cxd4 {[%emt 0:00:05]} 4. Nxd4 {[%emt 0:00:00]} Nf6 {[%emt 0:00:09]} 5. Nc3 {[%emt 0:00:01]} a6 {[%emt 0:00:13]} 6. h3 {[%emt 0:00:07]} e5 {[%emt 0:00:33]} 7. Nde2 {[%emt 0:00:07]} h5 {[%emt 0:00:15]} 8. g3 {[%emt 0:00:14]} Be6 {[%emt 0:01:13]} 9. Bg2 {[%emt 0:00:14]} Be7 {[%emt 0:00:43]} 10. O-O {[%emt 0:00:24]} O-O {[%emt 0:00:41]} 11. Be3 {[%emt 0:02:08]} b5 {[%emt 0:02:54]} 12. Nd5 {[%emt 0:00:45]} Nxd5 {[%emt 0:19:27]} 13. exd5 {[%emt 0:02:46]} Bc8 {[%emt 0:01:24]} 14. a4 {[%emt 0:00:42]} b4 {[%emt 0:05:31]} 15. c4 {[%emt 0:04:50]} bxc3 {[%emt 0:05:46]} 16. bxc3 {[%emt 0:01:51]} Nd7 {[%emt 0:04:44]} 17. c4 {[%emt 0:07:24]} Qc7 {[%emt 0:01:05]} 18. Rc1 {[%emt 0:02:05]} Nc5 {[%emt 0:03:26]} 19. Nc3 {[%emt 0:03:41]} Bf5 {[%emt 0:04:59]} 20. Bxc5 {[%emt 0:06:19]} Qxc5 {[%emt 0:00:25]} 21. Qxh5 {[%emt 0:00:52]} Bg6 {[%emt 0:01:59]} 22. Qg4 {[%emt 0:01:32]} Bd3 {[%emt 0:15:33]} 23. Rfd1 {[%emt 0:08:31]} f5 {[%emt 0:01:33]} 24. Qh5 {[%emt 0:00:26]} e4 {[%emt 0:01:42]} 25. Ne2 {[%emt 0:03:07]} Rf6 {[%emt 0:01:08]} 26. Nf4 {[%emt 0:00:47]} Rh6 {[%emt 0:00:18]} 27. Qxf5 {[%emt 0:05:46]} Rf8 {[%emt 0:03:55]} 28. Qg4 {[%emt 0:02:03]} Kh8 {[%emt 0:07:38]} 29. h4 {[%emt 0:10:43]} Bd8 {[%emt 0:03:16]} 30. Ng6+ {[%emt 0:06:17]} Rxg6 {[%emt 0:01:07]} 31. Qxg6 {[%emt 0:00:06]} Qxf2+ {[%emt 0:00:50]} 32. Kh2 {[%emt 0:03:07]} Be2 {[%emt 0:03:27]} 33. Rf1 {[%emt 0:00:53]} Bxf1 {[%emt 0:01:21]} 34. Rxf1 {[%emt 0:00:08]} Rf6 {[%emt 0:00:35]} 35. Qe8+ {[%emt 0:00:26]} 1-0

[Event "56th Rubinstein Memorial C 2020"]
[Site "Polanica Zdroj"]
[Date "2020.08.16"]
[Round "2.4"]
[White "Orlik, Sandra"]
[Black "Komendecki, Jacek"]
[Result "1/2-1/2"]
[WhiteElo "1738"]
[BlackElo "2024"]
[Annotator "NA"]
[PlyCount "65"]
[EventDate "2020.08.15"]
[EventType "swiss"]
[EventCountry "POL"]
[SourceTitle "playchess.com"]
[Source "ChessBase"]
[SourceQuality "1"]
[TimeControl "40/5400+30:1800+30"]

1. d4 {[%emt 0:00:01]} Nf6 {[%emt 0:00:00]} 2. c4 {[%emt 0:00:30]} g6 {[%emt 0:00:14]} 3. Nc3 {[%emt 0:00:39]} Bg7 {[%emt 0:00:12]} 4. e4 {[%emt 0:01:00]} d6 {[%emt 0:00:10]} 5. h3 {[%emt 0:00:35]} O-O {[%emt 0:02:47]} 6. Be3 {[%emt 0:01:16]} e5 {[%emt 0:01:33]} 7. d5 {[%emt 0:00:54]} Na6 {[%emt 0:02:28]} 8. g4 {[%emt 0:01:56]} Nc5 {[%emt 0:02:05]} 9. f3 {[%emt 0:00:44]} c6 {[%emt 0:03:14]} 10. Nge2 {[%emt 0:01:27]} cxd5 {[%emt 0:01:50]} 11. cxd5 {[%emt 0:01:07]} h5 {[%emt 0:09:17]} 12. Qd2 {[%emt 0:08:46]} Nh7 {[%emt 0:07:04]} 13. Nc1 {[%emt 0:09:54]} Bd7 {[%emt 0:18:32]} 14. Nd3 {[%emt 0:09:46]} Nxd3+ {[%emt 0:05:06]} 15. Bxd3 {[%emt 0:00:13]} h4 {[%emt 0:04:01]} 16. g5 {[%emt 0:03:01]} a6 {[%emt 0:03:15]} 17. Ke2 {[%emt 0:04:30]} f6 {[%emt 0:04:24]} 18. gxf6 {[%emt 0:02:13]} Qxf6 {[%emt 0:00:30]} 19. Raf1 {[%emt 0:00:47]} b5 {[%emt 0:02:21]} 20. a3 {[%emt 0:07:00]} Rac8 {[%emt 0:01:37]} 21. Ke1 {[%emt 0:01:55]} g5 {[%emt 0:07:31]} 22. Qg2 {[%emt 0:01:42]} Kh8 {[%emt 0:01:06]} 23. Qd2 {[%emt 0:03:18]} Bh6 {[%emt 0:00:36]} 24. Nd1 {[%emt 0:00:59]} Qd8 {[%emt 0:03:20]} 25. Be2 {[%emt 0:01:03]} Qc7 {[%emt 0:03:31]} 26. Nf2 {[%emt 0:01:19]} Qc2 {[%emt 0:02:18]} 27. Bd1 {[%emt 0:01:40]} Qb1 {[%emt 0:02:09]} 28. Ke2 {[%emt 0:02:19]} Qa2 {[%emt 0:03:01]} 29. Ng4 {[%emt 0:01:50]} Bxg4 {[%emt 0:02:22]} 30. hxg4 {[%emt 0:01:54]} Qc4+ {[%emt 0:04:06]} 31. Qd3 {[%emt 0:01:32]} Qa2 {[%emt 0:00:55]} 32. Qd2 {[%emt 0:00:55]} Qc4+ {[%emt 0:00:06]} 33. Ke1 1/2-1/2

[Event "56th Rubinstein Memorial C 2020"]
[Site "Polanica Zdroj"]
[Date "2020.08.16"]
[Round "2.5"]
[White "Kozlowski, Pawel"]
[Black "Zalega, Maciej"]
[Result "1-0"]
[WhiteElo "1913"]
[BlackElo "1743"]
[Annotator "TA"]
[PlyCount "111"]
[EventDate "2020.08.15"]
[EventType "swiss"]
[EventCountry "POL"]
[SourceTitle "playchess.com"]
[Source "ChessBase"]
[SourceQuality "1"]

{[%evp 9,111,-7,1,-33,60,0,4,12,2,6,9,23,84,70,155,152,151,162,151,138,261,256,256,253,250,271,288,189,369,273,283,277,461,293,312,302,297,281,274,292,321,287,279,211,343,364,329,308,279,295,359,350,422,425,403,402,420,414,400,346,373,365,437,434,375,313,341,319,305,158,407,400,394,390,590,572,536,534,746,757,736,696,824,827,917,887,1291,1160,1794,1712,1794,1776,12839,12839,12839,12839,29975,29975,12837,6917,12843,12843,29992,29993]} 1. e4 c5 2. Nf3 d6 3. Nc3 Nc6 4. d3 g6 5. Be3 Bg7 6. Qd2 {B50: Sicilian: 2...d6, Miscellaneous.} e6 (6... e5 $15) 7. g3 (7. d4 $14) 7... Nd4 $11 8. Bxd4 {The position is equal.} cxd4 9. Nb5 e5 10. Qb4 {[#]} Bf8 $146 (10... Ke7 $11) ({Predecessor:} 10... Ke7 11. Ng5 Nh6 12. Qc4 Bd7 13. Qc7 Rc8 14. Qxd6+ Ke8 15. Qb4 Bf8 16. Nd6+ Bxd6 17. Qxd6 Qxg5 {0-1 (31) Bodrogi,M (2192)-Bader,L (2150) Hungary 2008}) 11. Qc4 $16 {Nc7+ is the strong threat.} Be6 (11... Ke7 $1 $14) 12. Nc7+ {[%mdl 64] [#] Double Attack} Ke7 13. Nxe6 fxe6 14. Bh3 $40 {[%csl Gh3][%cal Rc4e6][%mdl 128] Black is in trouble.} Qa5+ (14... Bh6 $16) 15. b4 d5 16. Qb3 Qb5 17. a4 ({Don't play} 17. Nxe5 $6 Kf6) 17... Qc6 18. Nxe5 Qd6 $2 (18... Qc3+ {is a better defense.} 19. Qxc3 dxc3 20. exd5 exd5) 19. f4 Rc8 20. O-O Nf6 $2 (20... Rc3) 21. Rae1 {Strongly threatening exd5.} Rc3 22. Qa2 {Hoping for exd5.} dxe4 23. dxe4 Nh5 {and the idea ...Nxf4 leaves Black hopeful.} 24. Nd3 Bh6 25. Bg2 Rhc8 26. Nc5 {Black must now prevent e5.} d3 (26... a5 $142) 27. cxd3 $18 ({Weaker is} 27. e5 Qd4+ 28. Kh1 Ng7 $16) 27... b6 28. Qxe6+ Qxe6 29. Nxe6 Kxe6 30. Bh3+ {[%mdl 64] [#] Skewer} Ke7 31. Bxc8 Rxc8 32. Rc1 Rxc1 33. Rxc1 Kd7 34. a5 b5 35. Kf2 Bf8 36. Rb1 Nf6 37. h3 Ne8 38. Ke3 Nc7 39. Kd2 (39. g4 $18) 39... Na6 $2 {A mistake that costs the game.} (39... Ne6 $16 40. Rb2 Nd4) 40. Kc3 Bg7+ 41. d4 Bf8 (41... Kd6 $142 42. Kb3 Bf8) 42. d5 Kd6 43. Rd1 Nb8 44. e5+ Kd7 45. g4 Bg7 46. Re1 Na6 47. f5 Nc7 48. Kd4 Bf8 49. d6 Na6 50. fxg6 Nxb4 51. gxh7 Bg7 52. Rc1 Nc6+ 53. Kd5 Nb4+ 54. Ke4 {Rc7+ would kill now.} Na6 55. Rf1 Nc5+ 56. Kd5 {Accuracy: White = 70%, Black = 30%.} 1-0